| 000 | 00757nam a2200253Ia 4500 | ||
|---|---|---|---|
| 008 | 181129s9999 xx 000 0 und d | ||
| 020 | _a9780761160953 | ||
| 050 | _a500.7 | ||
| 050 | _bE936 2016 | ||
| 245 | 0 | _aEverything you need to ace science in one big fat notebook : | |
| 245 | 4 | _bthe complete guide middle school study guide / | |
| 260 | _aNew York, NY : | ||
| 260 | _bWorkman Publishing Co, Inc., | ||
| 260 | _c2016 | ||
| 300 | _a518 pages : | ||
| 300 | _bcolor illustrations ; | ||
| 300 | _c21cm. | ||
| 650 | _aOuter space -- | ||
| 650 | _aPhysics -- | ||
| 650 | _aScience -- | ||
| 650 | _xStudy and teaching, (Middle School). | ||
| 650 | _xStudy and teaching, (Middle School). | ||
| 650 | _xStudy and teaching, (Middle School). | ||
| 999 |
_c360180 _d360180 |
||